Statistiques concernant Les pays qui participe à la coupe du monde 2022

Cliquez ici pour prendre le quiz!

Statistiques générales

  • Ce quiz a été pris 158 fois
  • Le résultat moyen est 28 sur 32

Statistiques - réponses

Réponse% Correct
France
99%
Argentine
98%
Maroc
96%
Allemagne
95%
Bresil
95%
Belgique
94%
Australie
93%
Espagne
93%
Japon
93%
Angleterre
92%
ÉtatsUnis
91%
Portugal
91%
Qatar
91%
Canada
90%
Danemark
90%
CoréeduSud
88%
Mexique
88%
Paysbas
88%
Sénégal
86%
Tunisie
86%
Croatie
85%
Arabiesaoudite
84%
Pologne
84%
Uruguay
84%
Suisse
83%
Équateur
81%
Cameroun
80%
CostaRica
79%
Iran
79%
Ghana
76%
Serbie
76%
Pays de galles
74%

Distribution des résultats

Percentile par nombre de réponses

% des personnes avec chaque résultat

Votre développement - résultats

Vous n’avez pas pris ce quiz